000 00417nam a2200157Ia 4500
005 20250508154312.0
008 008 250505s9999 xx 000 0 eng d
037 _aTextual
040 _aFEDL
_beng
_cFEDL
041 _aeng
_2eng
084 _a507, MIN
_qFEDL
245 0 _aMinerva: A review of science learning and policy
300 _a291p.
942 _cTEXL
_h507, MIN
999 _c1349464
_d1349464